MS-DOS prakticky 5.0

Salvato in:
Dettagli Bibliografici
Autore principale: Černý, Vladislav
Altri autori: Herout, Pavel
Natura: Libro
Lingua:ceco
Pubblicazione: České Budějovice KOPP 1992
Edizione:1. vyd.
Soggetti:
Tags: Aggiungi Tag
Nessun Tag, puoi essere il primo ad aggiungerne!!

MARC

LEADER 00000nam a2200000 4500
001 c001115
005 20250916072902.8
020 |a 80-901051-5-7 
041 0 |a cze 
044 |a CZ 
245 1 0 |a MS-DOS prakticky 5.0  |c Vladislav Černý, Pavel Herout 
250 |a 1. vyd. 
264 1 |a České Budějovice  |b KOPP  |c 1992 
300 |a 151 s. 
610 2 0 |a systémy operačné 
100 1 |a Černý, Vladislav 
700 1 |a Herout, Pavel